000 01322nam0a2200325 4500
001 RU\NLR\bibl\1724675
005 20260405185537.0
010 _a978-5-699-41698-1
_96000
021 _aRU
_b2010-4110и
_95д/2011
035 _a(NLR Aleph) 001715647
090 _a1307687
_c1307687
100 _a20110120d2011 |||y0rusy50 ca
101 1 _arus
_cund
102 _aRU
105 _aa |||||||||
200 1 _aСумерки
_eбиографии актеров в комиксах
_e[и история создательницы Сумеречной саги]
_e[Роберт Паттинсон, Тейлор Лотнер, Кристен Стюарт, Стефани Майер]
_e[четыре комикса в одном]
210 _aМосква
_cЭксмо
_d2011
215 _a[120] с.
_cцв. ил.
_d27
605 _a"Сумерки"
_lкинофильм
_92625092
_3RU\NLR\auth\661561652
686 _aЩ374.3(7США)6-7
702 1 _aПаттинсон
_bР.
_gРоберт
_4570
702 1 _aЛотнер
_bТ.
_gТейлор
_4570
702 1 _aСтюарт
_bК.
_gКристен
_4570
702 1 _4570
_aМайер
_bС.
_f1973-
_gСтефани
_964784
_3RU\NLR\auth\7781856
801 0 _aRU
_bNLR
_c20110120
_gRCR
801 1 _aRU
_bNLR
_c20110120
942 _cBOOK
980 _aNB
980 _aNBR